| 000 | 00988nam a2200229Ia 4500 | ||
|---|---|---|---|
| 999 |
_c55899 _d55899 |
||
| 001 | 22997 | ||
| 003 | GE_BSU | ||
| 005 | 20230622165919.0 | ||
| 008 | 181216s1954||||ge |||||||||||||| ||geo|| | ||
| 040 | _cGE_BSU | ||
| 041 | _ageo | ||
| 080 | _a821.353.1-84(038) ს-36 | ||
| 100 |
_aსახოკია, თედო _93401 |
||
| 245 |
_aქართული ხატოვანი სიტყვა-თქმანი. ტ. 2 : მ - ფ / _cთედო სახოკია ; გიორგი ჩიტაიას რედაქციით. |
||
| 264 |
_aთბილისი : _bსახელგამი, _c1954. |
||
| 300 |
_a211 გვ. ; _c27 სმ. |
||
| 541 | _h1 ლ. 80თ. | ||
| 653 | _aქართული ენა | ||
| 653 | _aქართული ხატოვანი სიტყვა-თქმანი. ტ. 2 : მ - ფ | ||
| 700 |
_aჩიტაიას, გიორგი _eრედაქტორი _918908 |
||
| 942 |
_cBK _2udc |
||